000 00351 a2200169 4500
001 191143
020 _a978-85-7153-334-9
040 _cMagnum
100 _aSilva, Mário
240 1 0 _aPedro conta-conta
_lpor
245 1 0 _aPedro conta-conta
300 _a28
362 0 _a2013
440 1 _aRHJ
697 _aLITERATURA INFANTIL
942 _cBK
999 _c191143
_d191143